El derecho al agua en el Ecuador un anl̀isis desde la ciencia polt̕ica y el derecho pb︢lico /

Bibliographic Details
Main Author: Martn̕ez-Moscoso, Andrš
Format: eBook
Language:Spanish
Published: Cuenca: Universidad de Cuenca, 2017
Subjects:
Online Access:Acceso restringido

MARC

LEADER 00000nam a22000007a 4500
005 20200701231559.0
007 cr|||| ||||
008 200701s2017 ec |||||s|||| 00||0 spa d
020 |a 978-9978-14-364-3 
035 |a 31763 
040 |a vLex 
090 |c 10606  |d 10606 
100 1 |a Martn̕ez-Moscoso, Andrš 
245 1 0 |a El derecho al agua en el Ecuador  |h [Recurso electrn̤ico] :  |b un anl̀isis desde la ciencia polt̕ica y el derecho pb︢lico /  |c Andrš Martn̕ez-Moscoso 
256 |a Servicio en ln̕ea 
260 |a Cuenca:  |b Universidad de Cuenca,  |c 2017 
300 |a 1 recurso electrn̤ico 
500 |a Una de las ventajas que tiene el agua es que su estudio puede ser realizado de manera multidisciplinar, por eso la obra que se presenta aborda dos cuestiones olvidadas pero importantes a la vez en relacin̤ a la gestin̤ de los recursos hd̕ricos: el componente jurd̕ico y polt̕ico, los cuales son fundamentales a la hora de entender los problemas, y otorgar soluciones que se ajusten a las necesidades de la sociedad. Ecuador es un pas̕ rico en agua, su disponibilidad triplica la media internacional, no obstante, esta ventaja no ha permitido que se satisfaga la demanda de abastecimiento en su totalidad, la cobertura actual est ̀prx̤ima al 83%; es especialmente significativo el df̌icit que se produce en el m̀bito rural. Por ello, era necesario un estudio que reflejejase la realidad que tiene el Ecuador en relacin̤ al acceso al agua, pero sobre todo que explique cul̀ es la normativa y las polt̕icas pb︢licas que desde los distintos niveles de gobierno se han diseądo con el props̤ito de satisfacer la demanda de la poblacin̤. Teniendo un elemento especial en el caso ecuatoriano que, dentro de su construccin̤ como Estado, intenta alcanzar el “Buen Vivir”, en el cual, sin duda, es fundamental contar con condiciones totales de acceso a agua potable de calidad y saneamiento ambiental. Adems̀, este libro tiene la virtud de abrir las puertas al estudio del Derecho al Agua, desde el enfoque del Derecho Humano y Fundamental al Agua, lo cual es un acierto en de la normativa ecuatoriana de 2008, puesto que posteriormente este principio fue reconocido a escala internacional. Del mismo modo destaca la importancia que tiene para el Ecuador el agua, al constituirla como patrimonio nacional estratǧico con las caracters̕ticas de inalienabilidad, imprescriptibilidad e inembargabilidad. 
506 1 |a Disponible solo en los productos indicados  |d vLex Global  |d vLex Global (Academic Edition, excluding Law Schools)  |d vLex Global (U.S. Academic Edition, Law Schools)  |d vLex Global (U.S. Academic Edition, excluding Law Schools)  |d vLex Global (Academic Edition, Law Schools) 
650 0 4 |a Derecho Pb︢lico y Administrativo  |z Ecuador 
740 0 |a vLex Libros (Servicio en ln̕ea) 
856 4 0 |u http://vlex.com/source/derecho-al-agua-en-el-ecuador-un-analisis-desde-la-ciencia-politica-y-el-derecho-publico-31763  |z Acceso restringido 
942 |c BOOK 
999 0 |a Public and Administrative Law